000 00776nam a2200229 i 4500
003 IT-RoINE
005 20201021064500.0
008 000706s2000 sp r ||| ||spa d
020 _a8481555673
040 _aSpMaBN
_cSpMaBN IT-RoINE
_dIT-RoINE
100 1 _aSuárez Bilbao, Fernando,
_d1964-
_914761
245 1 3 _aEl fuero judiego en la España cristiana :
_blas fuentes jurídicas : siglos V-XV /
_cFernando Suárez Bilbao.
260 _aMadrid :
_bDykinson,
_c2000.
300 _a472 p. ;
_c25 cm.
336 _2rdacontent
_atext
337 _2rdamedia
_aunmediated
338 _2rdacarrier
_avolume
504 _aBibliiografía en notas.
650 4 _aJudíos
_xEstatuto jurídico
_xHistoria
_zEspaña
_xFuentes
_963119
650 4 _aFueros
_zEspaña
_963015
942 _cMTS
999 _c32180
_d32180